000
00232nam a22000977a 4500
082
_a
891.4393
_b
BAN
100
_a
Qudsia, Bano
245
_a
Mosam ki Galiaan
942
_2
ddc
_c
BK
999
_c
541196
_d
541196